| 000 | 00491nam a22001697a 4500 | ||
|---|---|---|---|
| 999 |
_c40990 _d40990 |
||
| 003 | OSt | ||
| 005 | 20210225132546.0 | ||
| 008 | 210224b ||||| |||| 00| 0 eng d | ||
| 020 | _a9789351433439 | ||
| 040 | _coclc | ||
| 082 |
_a332.110954 _bGUP/S |
||
| 100 |
_98478 _aGupta, Varun |
||
| 245 |
_aIBPS Clerical Solved Papers / _cVarun Gupta |
||
| 260 |
_aHariyana: _bLexis Nexis , _c2015. |
||
| 300 | _a464p | ||
| 942 |
_2ddc _cBK _iGUP/S _k332.110954 _mGUP/S _h332.110954 |
||